000 00846nas a2200277 4500
001 BR2012004551
003 BR-BrBNA
005 20231205120820.0
007 ta
008 230509b bl.|||p| |||| 00| 00por d
040 _aBR-BrBNA
_bpor
_cBiblioteca Nacional de Agricultura
041 _a(En)
072 _aF01; U40
100 1 _aSilva, W.F.
100 1 _aRudorff, B.F.T.
100 1 _aFormaggio, A.R.
100 1 _aParadella, W.R.
100 1 _aMiura, J.C.
245 1 _aSimulated multipolarized MAPSAR images to distinguish agricultural crops
650 _aSENSORIAMENTO REMOTO
650 _aMODELO DE SIMULAÇÃO
650 _aPRODUÇÃO VEGETAL
773 0 _tScientia Agricola (Brazil)
_xISSN 0103-9016
_g(May-Jun 2012), v. 69(3) p. 201-209
_wBR2012004551
909 _a202311
_bLúcia
_c55
_dLúcia Elande
942 _2AGRIS
_n0
_cANA
999 _c220453
_d220453